Trazos, tintas y talentos : (Registro nro. 38518)
[ vista simple ]
| 000 -CABECERA | |
|---|---|
| Longitud fija campo de control | 00951nam a2200265 a 4500 |
| 003 - IDENTIFICADOR DEL NUMERO DE CONTROL | |
| Identificador del número de control | CO-BoRNBP |
| 005 - FECHA Y HORA DE LA ULTIMA TRANSACCION | |
| Fecha y hora de la última transacción | 20241105162525.0 |
| 007 - CAMPO FIJO DE DESCRIPCION FISICA | |
| Campo fijo de descripción física | ta |
| 008 - CODIGOS DE INFORMACION DE LONGITUD FIJA | |
| Códigos de información de longitud fija | 180507s2015 ck ao gr 000 0 spa d |
| 020 ## - NUMERO INTERNACIONAL NORMALIZADO PARA LIBROS | |
| Número Internacional Normalizado para Libros (ISBN) | 9789584680594 |
| 040 ## - FUENTE DE LA CATALOGACION | |
| Centro catalogador de origen | CO-BoBLA |
| Lengua de catalogación | spa |
| Centro transcriptor | CO-BoBLA |
| Normas de descripción | rda |
| 082 04 - NUMERO DE LA CLASIFICACION DECIMAL DEWEY | |
| Número de clasificación (R) | 792.8 |
| Número del ítem | R63t |
| 100 1# - PUNTO DE ACCESO PRINCIPAL-NOMBRE DE PERSONA | |
| Nombre de persona | Rodríguez Duarte, Luis Emilio. |
| 245 10 - TITULO PROPIAMENTE DICHO | |
| Título | Trazos, tintas y talentos : |
| Resto del título | cómo germinan los sueños en niños y jóvenes metenses / |
| Mención de responsabilidad, etc. | Luis Emilio Rodríguez Duarte, Alcides Antonio Jáuregui Bautista. |
| 250 ## - MENCION DE EDICION | |
| Mención de edición | Primera edición |
| 300 ## - DESCRIPCION FISICA | |
| Extensión | 76 páginas : |
| Otras características físicas | ilustraciones, fotografías ; |
| Dimensiones | 27 cm. |
| 336 ## - TIPO DE CONTENIDO | |
| Fuente | rdacontenido |
| Término de tipo de contenido | texto |
| Código de tipo de contenido | txt |
| 337 ## - TIPO DE MEDIO | |
| Fuente | rdamedio |
| Nombre del tipo de medio | sin mediación |
| Código del tipo de medio | n |
| 338 ## - TIPO DE SOPORTE | |
| Fuente | rdasoporte |
| Nombre del tipo de soporte | volumen |
| Código del tipo de soporte | nc |
| 650 #7 - PUNTO DE ACCESO ADICIONAL DE MATERIA - TERMINO DE MATERIA | |
| Término de materia o nombre geográfico como elemento inicial | Danza |
| Subdivisión de materia general | Enseñanza. |
| Fuente del encabezamiento | BLAAUTO |
| 650 #7 - PUNTO DE ACCESO ADICIONAL DE MATERIA - TERMINO DE MATERIA | |
| Término de materia o nombre geográfico como elemento inicial | Folclor |
| Subdivisión de materia general | Enseñanza. |
| Fuente del encabezamiento | BLAAUTO |
| 700 1# - PUNTO DE ACCESO ADICIONAL - NOMBRE DE PERSONA | |
| Nombre de persona | Jáuregui Bautista, Alcides Antonio. |
| 942 ## - ENTRADA DE ELEMENTOS AGREGADOS (KOHA) | |
| Fuente de clasificaión o esquema | Dewey Decimal Classification |
| Koha [por defecto] tipo de item | LIbro |
| 949 ## - TRATAMIENTO DE LA INFORMACION LOCAL (OCLC) | |
| a | c |
| b | n |
| Perdido | Fuente de clasificación o esquema | Estado Físico | No para préstamo | Forma de adquisición | Localización permanente | Localización actual | Localización en estanterías | Fecha adquisición | Fuente de adquisición | Préstamos totales | Signatura completa | Código de barras | Fecha última consulta | Número de copia | Fecha del precio de reemplazo | Tipo de item de Koha | Note pública |
|---|---|---|---|---|---|---|---|---|---|---|---|---|---|---|---|---|---|
| Dewey Decimal Classification | Colección General | Biblioteca Pública Puerto López - Jorge Eliecer Gaitán | Biblioteca Pública Puerto López - Jorge Eliecer Gaitán | Local Patrimonial | 10/14/2025 | 792.8 R63t | PLZ03260 | 10/14/2025 | Ej.1 | 10/14/2025 | LIbro | ||||||
| Dewey Decimal Classification | Colección General | Biblioteca Pública Puerto López - Jorge Eliecer Gaitán | Biblioteca Pública Puerto López - Jorge Eliecer Gaitán | Local Patrimonial | 10/16/2025 | 792.8 R63t | PLZ03330 | 10/16/2025 | Ej.2 | 10/16/2025 | LIbro | ||||||
| Colección Sala Infantil de Literatura Pocatil y Tilín | Biblioteca Pública Departamental Eduardo Carranza - Villavicencio | Biblioteca Pública Departamental Eduardo Carranza - Villavicencio | Sala Infantil | 10/25/2019 | 362.70986194 R62t | ECA27708 | 11/26/2024 | Ej.4 | 11/26/2024 | LIbro | 19665 | 25223 | ||||||
| Colección Fondo Patrimonial del Meta | Biblioteca Pública Departamental Eduardo Carranza - Villavicencio | Biblioteca Pública Departamental Eduardo Carranza - Villavicencio | Local Patrimonial | 07/25/2017 | 362.70986194 R62t | ECA26108 | 11/26/2024 | Ej.1 | 11/26/2024 | LIbro | 19665 | 25220 | ||||||
| Colección Fondo Patrimonial del Meta | Biblioteca Pública Departamental Eduardo Carranza - Villavicencio | Biblioteca Pública Departamental Eduardo Carranza - Villavicencio | Local Patrimonial | 10/25/2019 | 362.70986194 R62t | ECA27706 | 11/26/2024 | Ej.2 | 11/26/2024 | LIbro | 19665 | 25221 | ||||||
| Colección Sala Infantil de Literatura Pocatil y Tilín | Biblioteca Pública Departamental Eduardo Carranza - Villavicencio | Biblioteca Pública Departamental Eduardo Carranza - Villavicencio | Sala Infantil | 10/25/2019 | 362.70986194 R62t | ECA27707 | 11/26/2024 | Ej.3 | 11/26/2024 | LIbro | 19665 | 25222 | ||||||
| Dewey Decimal Classification | Colección General | Biblioteca Pública Guamal | Biblioteca Pública Guamal | Literatura | 11/05/2024 | Literatura Regional | 792.8 R63t | GUA004400 | 11/05/2024 | Ej.1 | 11/05/2024 | LIbro | |||||
| Dewey Decimal Classification | Colección General | Biblioteca Pública Guamal | Biblioteca Pública Guamal | Literatura | 11/05/2024 | Literatura Regional | 792.8 R63t | GUA004401 | 11/05/2024 | Ej.1 | 11/05/2024 | LIbro |